000 00475nam a2200157Ia 4500
999 _c18011
_d18011
003 OSt
005 20200606120048.0
008 190216s9999||||xx |||||||||||||| ||und||
040 _cMESKC library
082 _a891.431
_bMIS/N
100 _aMisra, Bhawani prasad
_9365
245 0 _aNeelee Rekha Tak /
_c Bhawani prasad Misra
260 _bPeethambar Publications,
_aDelhi:
_c1984.
300 _a155p
942 _cBK
_2ddc
_h891.431
_iMIS/N
_k891.431
_mMIS/N